[Event "Biel Master Tournament"]
[Site "Biel"]
[Date "2011.07.21"]
[Round "4"]
[White "Saleh, Salem A. R"]
[Black "Gleizerov, Evgeny"]
[Result "1-0"]
[WhiteElo "2493"]
[BlackElo "2590"]
[PlyCount "99"]
[EventDate "2011.??.??"]
[EventCountry "SUI"]

1. d4 e6 2. c4 f5 3. g3 Nf6 4. Bg2 c6 5. Nf3 d5 6. O-O Bd6 7. Qc2 O-O 8. Nc3
Bd7 9. Rb1 Be8 10. Ng5 Qd7 11. Qb3 Bh5 12. Re1 Na6 13. c5 Be7 14. Nf3 b6 15.
Ne5 Qb7 16. Bf4 Rab8 17. Nd3 Nc7 18. Qc2 Nd7 19. b4 g5 20. Ne5 Rbd8 21. Nxd7
Rxd7 22. Be5 Ne8 23. b5 Nf6 24. cxb6 axb6 25. bxc6 Qxc6 26. Rec1 Bg6 27. Qd1
Qb7 28. Na4 b5 29. Nc5 Bxc5 30. dxc5 Qc6 31. a4 Rb7 32. axb5 Rxb5 33. Rxb5 Qxb5
34. Qd4 Nd7 35. Bh8 Rf7 36. c6 Nb6 37. c7 Nc8 38. Be5 Bh5 39. Bf3 Bxf3 40. exf3
Qd7 41. Kg2 Rf8 42. h4 gxh4 43. Qxh4 Ne7 44. Qh5 Nc8 45. Qg5+ Kf7 46. Qh5+ Kg8
47. Qh6 Qf7 48. Rh1 Ne7 49. Qg5+ Ng6 50. Rb1 1-0

[Event "Biel Master Tournament"]
[Site "Biel"]
[Date "2011.07.21"]
[Round "4"]
[White "Nyzhnyk, Illya"]
[Black "Gutman, Lev"]
[Result "1-0"]
[WhiteElo "2589"]
[BlackElo "2451"]
[PlyCount "67"]
[EventDate "2011.??.??"]
[EventCountry "SUI"]

1. d4 Nf6 2. c4 g6 3. Nf3 Bg7 4. Nc3 O-O 5. e4 d6 6. Be2 Bg4 7. Be3 Nfd7 8. O-O
c5 9. d5 Bxf3 10. Bxf3 a6 11. Be2 Nb6 12. Qd2 N8d7 13. f4 Nc8 14. a3 Rb8 15. h4
Qa5 16. a4 Ncb6 17. Qd3 Na8 18. Kh2 Nc7 19. Bd2 Ne8 20. h5 Qd8 21. hxg6 hxg6
22. Rf3 Nc7 23. Rh3 e6 24. Rh1 b5 25. axb5 axb5 26. cxb5 exd5 27. exd5 Re8 28.
Bf3 Nb6 29. b3 Ra8 30. Kg3 Ra3 31. Nb1 c4 32. Bc3 f5 33. Rh8+ Kf7 34. Qd4 1-0

[Event "Biel Master Tournament"]
[Site "Biel"]
[Date "2011.07.21"]
[Round "4"]
[White "Brkic, Ante"]
[Black "Rudin, Hamdani"]
[Result "1-0"]
[WhiteElo "2598"]
[BlackElo "2313"]
[PlyCount "93"]
[EventDate "2011.??.??"]
[EventCountry "SUI"]

1. e4 c6 2. d4 d5 3. e5 Bf5 4. Nf3 e6 5. Be2 Nd7 6. O-O h6 7. Nbd2 Ne7 8. Nb3
g5 9. Bd2 Bg6 10. c4 a5 11. a4 dxc4 12. Bxc4 Nd5 13. Rc1 Nb4 14. Bxb4 Bxb4 15.
Bd3 Bxd3 16. Qxd3 Nb6 17. Nfd2 Nd5 18. Ne4 Qc7 19. Nbc5 O-O-O 20. g3 Kb8 21.
Qf3 Bxc5 22. Rxc5 Rd7 23. Rfc1 Qb6 24. b3 h5 25. Nxg5 h4 26. Ne4 hxg3 27. fxg3
Nb4 28. Rd1 Rhd8 29. Qf2 Na6 30. Rc3 Rxd4 31. Rcd3 c5 32. Nd6 Rxd3 33. Rxd3 Nb4
34. Rc3 Rxd6 35. exd6 Qxd6 36. h4 b6 37. Re3 Nd5 38. Rd3 f5 39. Qf4 Qxf4 40.
gxf4 Nxf4 41. Rf3 Nh5 42. Re3 Nf4 43. Kf2 Kc7 44. Kf3 e5 45. Rxe5 Ng6 46. Re6
Nxh4+ 47. Kg3 1-0

[Event "Biel Master Tournament"]
[Site "Biel"]
[Date "2011.07.21"]
[Round "4"]
[White "Maze, Sebastien"]
[Black "Mencinger, Vojko"]
[Result "1-0"]
[WhiteElo "2578"]
[BlackElo "2396"]
[PlyCount "83"]
[EventDate "2011.??.??"]
[EventCountry "SUI"]

1. Nf3 d5 2. d4 Nf6 3. c4 e6 4. Nc3 Bb4 5. Qa4+ Nc6 6. Bd2 O-O 7. e3 Re8 8. a3
Bxc3 9. Bxc3 Ne4 10. Rc1 a6 11. Be2 Rb8 12. Qc2 Bd7 13. O-O Nxc3 14. Qxc3 Qf6
15. Ne5 Qd8 16. cxd5 exd5 17. Nxc6 Bxc6 18. Bxa6 Re6 19. Bd3 Rh6 20. b4 Qd6 21.
h3 Ra8 22. Rfe1 Re6 23. Ra1 b5 24. Rec1 g6 25. Qc5 Rb8 26. Qxd6 Rxd6 27. Rc5
Rb7 28. Rac1 Rb6 29. g4 h6 30. f3 Kg7 31. Kf2 Kf8 32. Ke2 Kg7 33. R1c3 Kf8 34.
Kd2 Kg7 35. Rc1 Kf8 36. Kc3 Kg7 37. e4 dxe4 38. fxe4 Ra6 39. d5 Be8 40. Rxc7
Rxa3+ 41. Kd4 Rb3 42. Rb1 1-0

[Event "Biel Master Tournament"]
[Site "Biel"]
[Date "2011.07.21"]
[Round "4"]
[White "Kovchan, Alexander"]
[Black "Klauser, Markus"]
[Result "1/2-1/2"]
[WhiteElo "2554"]
[BlackElo "2386"]
[PlyCount "82"]
[EventDate "2011.??.??"]
[EventCountry "SUI"]
[BlackTeam "Belp"]

1. e4 e5 2. Nf3 Nc6 3. d4 exd4 4. Nxd4 Bc5 5. Nxc6 Qf6 6. Qd2 dxc6 7. Nc3 Ne7
8. Qf4 Be6 9. Qxf6 gxf6 10. Na4 Bb4+ 11. c3 Bd6 12. Be3 b6 13. f4 O-O-O 14. Kf2
c5 15. b3 Bd7 16. g3 Bc6 17. Bg2 Rhe8 18. c4 Ng8 19. Nc3 f5 20. e5 Bxg2 21.
Kxg2 c6 22. Bf2 Be7 23. Rad1 f6 24. Rxd8+ Bxd8 25. Re1 fxe5 26. fxe5 Bc7 27. e6
Nf6 28. Re3 Nh5 29. Nd1 Ng7 30. Rf3 Rxe6 31. Ne3 Rf6 32. Kf1 h5 33. Ng2 Ne6 34.
Be3 Nd4 35. Rf2 Kd7 36. Rf4 Ne6 37. Rh4 Rh6 38. Kf2 Ke7 39. Nf4 Nxf4 40. gxf4
Kf6 41. Rh3 Rh7 1/2-1/2

[Event "Biel Master Tournament"]
[Site "Biel"]
[Date "2011.07.21"]
[Round "4"]
[White "Lioe, Dede"]
[Black "Alsina Leal, Daniel"]
[Result "1/2-1/2"]
[WhiteElo "2386"]
[BlackElo "2549"]
[PlyCount "131"]
[EventDate "2011.??.??"]
[EventCountry "SUI"]

1. e4 c5 2. Nf3 e6 3. d4 cxd4 4. Nxd4 Nc6 5. Be3 Qc7 6. Nc3 a6 7. Be2 Nf6 8.
O-O Bb4 9. Na4 Be7 10. Nxc6 bxc6 11. Nb6 Rb8 12. Nxc8 Qxc8 13. e5 Nd5 14. Bc1
Bc5 15. Qd3 O-O 16. Qg3 Ne7 17. Bd3 Qc7 18. Re1 a5 19. c3 Ng6 20. b3 d6 21.
Bxg6 hxg6 22. Be3 Ba3 23. Bc1 Bc5 24. Be3 Rbd8 25. Bxc5 dxc5 26. Qe3 Rd5 27.
Rad1 Rfd8 28. Rxd5 cxd5 29. h3 c4 30. Qd4 cxb3 31. axb3 Rb8 32. Rb1 Qc6 33. b4
a4 34. Qa7 Ra8 35. b5 Rxa7 36. bxc6 Rc7 37. Rb6 g5 38. Kf1 a3 39. Ra6 a2 40.
Ke2 Rxc6 41. Ra8+ Kh7 42. Kd3 Kg6 43. Rxa2 Rc7 44. g4 Rc8 45. Re2 Ra8 46. f3
Ra1 47. Rh2 Re1 48. Kd4 f6 49. exf6 gxf6 50. Kd3 Rd1+ 51. Ke3 Re1+ 52. Kd3 f5
53. gxf5+ exf5 54. h4 g4 55. h5+ Kh6 56. fxg4 fxg4 57. Kd4 Rg1 58. Kxd5 g3 59.
Rd2 Kxh5 60. c4 Kg4 61. c5 Kf3 62. c6 g2 63. c7 Rc1 64. Rxg2 Kxg2 65. Kd6 Rxc7
66. Kxc7 1/2-1/2

[Event "Biel Master Tournament"]
[Site "Biel"]
[Date "2011.07.21"]
[Round "4"]
[White "Domont, Alex"]
[Black "Shankland, Samuel"]
[Result "0-1"]
[WhiteElo "2377"]
[BlackElo "2539"]
[PlyCount "62"]
[EventDate "2011.??.??"]
[EventCountry "SUI"]
[WhiteTeam "Nyon"]

1. d4 d6 2. g3 g6 3. Bg2 Bg7 4. e4 Nf6 5. Ne2 O-O 6. O-O Na6 7. Nd2 c5 8. c3
Rb8 9. a3 b6 10. Re1 Bb7 11. e5 Ne8 12. Bxb7 Rxb7 13. Qa4 Nec7 14. Qc6 Rb8 15.
Nf3 dxe5 16. Nxe5 Bxe5 17. dxe5 Qd5 18. Qa4 Qxe5 19. Bf4 Qf6 20. h4 Rfe8 21.
Rad1 b5 22. Qe4 e5 23. Bg5 Qe6 24. Qf3 Rb6 25. Nf4 Qf5 26. g4 Qc8 27. Nd5 Nxd5
28. Rxd5 Qc6 29. Bh6 Nc7 30. Rexe5 Rxe5 31. Rd8+ Re8 0-1

[Event "Biel Master Tournament"]
[Site "Biel"]
[Date "2011.07.21"]
[Round "4"]
[White "Ulibin, Mikhail"]
[Black "Sukandar, Irine Kharisma"]
[Result "1/2-1/2"]
[WhiteElo "2538"]
[BlackElo "2366"]
[PlyCount "122"]
[EventDate "2011.??.??"]
[EventCountry "SUI"]

1. d4 Nf6 2. c4 e6 3. g3 d5 4. Bg2 dxc4 5. Nf3 Nc6 6. Qa4 Bb4+ 7. Bd2 Nd5 8.
Bxb4 Ndxb4 9. O-O Rb8 10. Nc3 a6 11. Ne5 O-O 12. Bxc6 Nxc6 13. Nxc6 bxc6 14.
Qxc4 Qd6 15. Ne4 Qd5 16. Qc2 Qxd4 17. b3 Rb5 18. Rfd1 Qe5 19. Nc3 Rc5 20. Rd3
a5 21. Rad1 Ba6 22. Rd4 Qf5 23. Qd2 h6 24. Re1 Qh3 25. Rh4 Qf5 26. Rd4 Qh3 27.
e4 Rh5 28. f3 Kh7 29. Qg2 Qxg2+ 30. Kxg2 Rc5 31. Re3 Kg8 32. h4 Rb8 33. Kf2 Kf8
34. e5 Ke7 35. f4 h5 36. Ke1 Ke8 37. Kd2 Bf1 38. Re1 Bh3 39. Kc2 Bg2 40. Kb2
Bd5 41. Ra4 Rb4 42. Rd1 Rxa4 43. Nxa4 Rb5 44. Rc1 Kd8 45. Nc5 Kc8 46. Rc3 Rb4
47. Rd3 Rb5 48. Rc3 Rb4 49. a3 Rd4 50. Rd3 Rxd3 51. Nxd3 Kb7 52. Kc3 Kb6 53. b4
Kb5 54. bxa5 Kxa5 55. Nc5 Kb5 56. Kd4 Bg2 57. Nb7 Bd5 58. Nc5 Bg2 59. Nb7 Bd5
60. Nc5 Bg2 61. Nb7 Bd5 1/2-1/2

[Event "Biel Master Tournament"]
[Site "Biel"]
[Date "2011.07.21"]
[Round "4"]
[White "Pruess, David"]
[Black "Bogner, Sebastian"]
[Result "1-0"]
[WhiteElo "2363"]
[BlackElo "2528"]
[PlyCount "93"]
[EventDate "2011.??.??"]
[EventCountry "SUI"]
[BlackTeam "Waldshut.Tiengen"]

1. e4 c5 2. Nf3 d6 3. d4 cxd4 4. Nxd4 Nf6 5. Nc3 a6 6. Be3 Ng4 7. Bg5 h6 8. Bc1
Nf6 9. f4 e6 10. Bd3 Be7 11. e5 dxe5 12. fxe5 Nd5 13. Qg4 Nxc3 14. bxc3 Qc7 15.
O-O Qxc3 16. Be3 Bg5 17. Bxg5 hxg5 18. Nf3 f6 19. Rad1 Nc6 20. exf6 gxf6 21.
Nxg5 Ne5 22. Qf4 Nxd3 23. Rxd3 Qc5+ 24. Kh1 Qxg5 25. Qc7 f5 26. Rfd1 Bd7 27.
Qxd7+ Kf8 28. Qxe6 Re8 29. Qd6+ Qe7 30. Qg3 Qe5 31. Rf1 Qxg3 32. Rxf5+ Ke7 33.
Rxg3 Kd6 34. h3 Re1+ 35. Kh2 Re2 36. Rg6+ Kc7 37. Rg7+ Kb6 38. Rf6+ Ka5 39.
Rxb7 Rg8 40. Rf5+ Ka4 41. Rf4+ Ka5 42. Rg4 Rxg4 43. hxg4 Rxc2 44. Kh3 Rxa2 45.
g5 Rc2 46. g4 Ka4 47. g6 1-0

[Event "Biel Master Tournament"]
[Site "Biel"]
[Date "2011.07.21"]
[Round "4"]
[White "Bakre, Tejas"]
[Black "Halay, Taufik"]
[Result "1-0"]
[WhiteElo "2522"]
[BlackElo "2341"]
[PlyCount "105"]
[EventDate "2011.??.??"]
[EventCountry "SUI"]

1. d4 d5 2. c4 e6 3. Nf3 c6 4. Qc2 Nf6 5. Bg5 Be7 6. e3 O-O 7. Nc3 Nbd7 8. cxd5
exd5 9. Bd3 Re8 10. h3 Nf8 11. Bf4 Ng6 12. Bh2 Bd6 13. Bxd6 Qxd6 14. O-O-O a5
15. Kb1 b5 16. Rc1 a4 17. g4 Ba6 18. Bf5 b4 19. Nxa4 Ne4 20. Nb6 Rab8 21. Nd7
Ra8 22. Nfe5 Ne7 23. Bxe4 dxe4 24. Qb3 Qd5 25. Qxd5 cxd5 26. g5 Ra7 27. Rc5 Rd8
28. Rhc1 Rdxd7 29. Nxd7 Rxd7 30. Rc7 Rxc7 31. Rxc7 Kf8 32. Kc2 h5 33. gxh6 gxh6
34. Kb3 Bf1 35. Kxb4 Bxh3 36. a4 Bf1 37. Kc5 h5 38. Kd6 h4 39. Rc1 Be2 40. Rh1
Bf3 41. Rh2 Bg4 42. b4 Ke8 43. Kc7 h3 44. a5 Bd7 45. a6 Nc8 46. b5 Bxb5 47.
Kxc8 Bxa6+ 48. Kc7 Bf1 49. Kd6 Bg2 50. Kxd5 Kf8 51. Ke5 Kg7 52. Kf5 Bf1 53.
Kxe4 1-0

[Event "Biel Master Tournament"]
[Site "Biel"]
[Date "2011.07.21"]
[Round "5"]
[White "Nyzhnyk, Illya"]
[Black "Bu, Xiangzhi"]
[Result "0-1"]
[WhiteElo "2589"]
[BlackElo "2675"]
[PlyCount "68"]
[EventDate "2011.??.??"]
[EventCountry "SUI"]

1. d4 Nf6 2. c4 e6 3. Nf3 d5 4. Nc3 Bb4 5. Qa4+ Nc6 6. Bg5 h6 7. Bxf6 Qxf6 8.
e3 O-O 9. Be2 a6 10. Qb3 dxc4 11. Qxc4 Bd7 12. O-O Bd6 13. Ne4 Qe7 14. Rac1
Rfd8 15. Nc5 Rab8 16. Nd2 Be8 17. Nde4 a5 18. Qb3 Nb4 19. a3 Nd5 20. Bf3 Bxc5
21. Nxc5 b6 22. Nd3 c5 23. dxc5 bxc5 24. Qc2 c4 25. Ne5 c3 26. bxc3 Qxa3 27.
Kh1 Qd6 28. Qe4 Ne7 29. c4 f6 30. Ng4 h5 31. c5 Qd5 32. Qc2 Qb3 33. c6 Qxc2 34.
Rxc2 Rdc8 0-1

[Event "Biel Master Tournament"]
[Site "Biel"]
[Date "2011.07.21"]
[Round "5"]
[White "Gharamian, Tigran"]
[Black "Al-Sayed, Mohammed"]
[Result "1/2-1/2"]
[WhiteElo "2670"]
[BlackElo "2498"]
[PlyCount "57"]
[EventDate "2011.??.??"]
[EventCountry "SUI"]

1. d4 d5 2. c4 c6 3. Nf3 Nf6 4. Nc3 e6 5. Bg5 h6 6. Bh4 dxc4 7. e4 g5 8. Bg3 b5
9. Be2 Bb7 10. h4 g4 11. Ne5 Nbd7 12. Bxg4 Rg8 13. Nxd7 Qxd7 14. Bf3 Rd8 15.
Be5 Qe7 16. O-O a6 17. Re1 h5 18. Bxh5 Nd7 19. Bc7 Qxh4 20. Qf3 Rg7 21. Bxd8
Kxd8 22. g3 c5 23. Bxf7 cxd4 24. Bxe6 Bd6 25. Bxd7 Bxg3 26. Kf1 Rxd7 27. Nd5
Be5 28. Qf5 Rd6 29. f4 1/2-1/2

[Event "Biel Master Tournament"]
[Site "Biel"]
[Date "2011.07.21"]
[Round "5"]
[White "Saleh, Salem A. R"]
[Black "Baklan, Vladimir"]
[Result "1/2-1/2"]
[WhiteElo "2493"]
[BlackElo "2620"]
[PlyCount "134"]
[EventDate "2011.??.??"]
[EventCountry "SUI"]

1. d4 Nf6 2. c4 e6 3. Nc3 Bb4 4. e3 O-O 5. Bd3 c5 6. Nf3 d5 7. O-O dxc4 8. Bxc4
Qe7 9. Qe2 Rd8 10. Rd1 Nc6 11. h3 Ba5 12. Na4 cxd4 13. exd4 Bc7 14. Nc3 h6 15.
Be3 Nd5 16. Rac1 Nxe3 17. Qxe3 Bd7 18. d5 exd5 19. Qxe7 Nxe7 20. Nxd5 Nxd5 21.
Bxd5 Be6 22. Bxe6 fxe6 23. Nd4 Be5 24. Nxe6 Rxd1+ 25. Rxd1 Bxb2 26. Rb1 Bf6 27.
Rxb7 Re8 28. Nf4 Re1+ 29. Kh2 Be5 30. g3 Bd4 31. Kg2 g5 32. Rd7 Bb6 33. Nd5 Re2
34. Nxb6 axb6 35. Ra7 b5 36. Kf3 Rb2 37. h4 gxh4 38. gxh4 b4 39. h5 Rc2 40.
Ra8+ Kg7 41. Ra5 Kf6 42. Kg3 Rc1 43. Kg4 Rb1 44. Kf4 b3 45. Ra6+ Kg7 46. axb3
Rxb3 47. Kg4 Rb5 48. f4 Rb1 49. Rg6+ Kh7 50. Re6 Kg7 51. Kf5 Rb5+ 52. Re5 Rb7
53. Ra5 Kf7 54. Ra6 Rb5+ 55. Kg4 Kg7 56. Ra7+ Kg8 57. Re7 Ra5 58. Re5 Ra1 59.
Rd5 Kf7 60. Kf5 Ra7 61. Rb5 Rc7 62. Ke5 Re7+ 63. Kd6 Re4 64. Rf5+ Kg7 65. Kd5
Ra4 66. Ke5 Rb4 67. Kd5 Ra4 1/2-1/2

[Event "Biel Master Tournament"]
[Site "Biel"]
[Date "2011.07.21"]
[Round "5"]
[White "Grachev, Boris"]
[Black "Bakre, Tejas"]
[Result "1-0"]
[WhiteElo "2680"]
[BlackElo "2522"]
[PlyCount "135"]
[EventDate "2011.??.??"]
[EventCountry "SUI"]

1. c4 e6 2. Nc3 d5 3. d4 Bb4 4. e3 c5 5. a3 Bxc3+ 6. bxc3 Nc6 7. cxd5 exd5 8.
Bd3 Nge7 9. Rb1 O-O 10. Ne2 c4 11. Bc2 Rb8 12. a4 Bf5 13. Ba3 Re8 14. O-O Qd7
15. Ng3 Bg6 16. f3 Nf5 17. Bxf5 Bxf5 18. e4 dxe4 19. Qc2 Bg6 20. fxe4 Na5 21.
Rbe1 Nb3 22. Qf2 Qxa4 23. Bd6 Rbd8 24. e5 Qa5 25. Re3 Qd5 26. Ne2 Qe6 27. Nf4
Qf5 28. Rf3 Rd7 29. d5 Qc2 30. Nxg6 Qxf2+ 31. R1xf2 hxg6 32. e6 fxe6 33. Rf8+
Rxf8 34. Rxf8+ Kh7 35. dxe6 Rxd6 36. e7 Re6 37. e8=Q Rxe8 38. Rxe8 Nc5 39. Rc8
b6 40. Kf2 Ne4+ 41. Ke3 Nxc3 42. Rxc4 Nb5 43. Rb4 Nd6 44. Kd4 Nf5+ 45. Kd3 Kh6
46. Rb2 Ne7 47. Re2 Nc6 48. Re6 Nd8 49. Re7 Nc6 50. Re6 Nd8 51. Re7 Nc6 52. Rc7
Nb4+ 53. Kc4 Nc2 54. Re7 a5 55. Re5 g5 56. g4 Kg6 57. Kc3 Nb4 58. Rb5 Kf6 59.
Kd4 Nc6+ 60. Ke4 Ke6 61. Rxb6 Kd6 62. Rb5 a4 63. Rd5+ Kc7 64. Rxg5 a3 65. Rxg7+
Kd6 66. Rg8 Kc5 67. Rf8 Na5 68. Rf2 1-0

[Event "Biel Master Tournament"]
[Site "Biel"]
[Date "2011.07.21"]
[Round "5"]
[White "Bok, Benjamin"]
[Black "Cheparinov, Ivan"]
[Result "1-0"]
[WhiteElo "2507"]
[BlackElo "2669"]
[PlyCount "97"]
[EventDate "2011.??.??"]
[EventCountry "SUI"]

1. e4 c5 2. Nf3 d6 3. d4 cxd4 4. Nxd4 Nf6 5. Nc3 g6 6. Be3 Bg7 7. f3 Nc6 8. Qd2
O-O 9. Bc4 Bd7 10. O-O-O Rc8 11. Bb3 Ne5 12. Kb1 Nc4 13. Bxc4 Rxc4 14. g4 b5
15. b3 b4 16. bxc4 bxc3 17. Qxc3 Qc7 18. Kc1 Rc8 19. h4 h5 20. g5 Nh7 21. Kd2
Be6 22. Ke2 Bxc4+ 23. Kf2 Nf8 24. Qa3 Nd7 25. Nb3 Nb6 26. Na5 Bb5 27. Qb4 Qd7
28. Bd4 Rxc2+ 29. Rd2 Nc4 30. Rxc2 Bxd4+ 31. Kg3 Bc5 32. Qc3 Ne3 33. Rb2 e5 34.
Nb3 Bb6 35. Re1 Nc4 36. Rc2 Qe6 37. Qb4 Bd7 38. Rh2 Be3 39. Rhh1 Bf4+ 40. Kf2
a5 41. Nxa5 Nd2 42. Re2 Nxf3 43. Qb3 d5 44. Kxf3 Qa6 45. Kf2 Qxa5 46. Rb1 dxe4
47. Qb8+ Kh7 48. Qf8 Qd5 49. Qh6+ 1-0

[Event "Biel Master Tournament"]
[Site "Biel"]
[Date "2011.07.21"]
[Round "5"]
[White "Miezis, Normunds"]
[Black "Bauer, Christian"]
[Result "1/2-1/2"]
[WhiteElo "2520"]
[BlackElo "2637"]
[PlyCount "240"]
[EventDate "2011.??.??"]
[EventCountry "SUI"]
[BlackTeam "Montpellier"]

1. c4 b6 2. Nc3 Bb7 3. e4 e6 4. a3 c5 5. g3 Nc6 6. Bg2 h5 7. h4 g6 8. d3 Bg7 9.
Nge2 d6 10. Be3 Nf6 11. Bg5 Qd7 12. O-O O-O 13. Qa4 a6 14. Qd1 Rab8 15. Rb1 Nh7
16. Bc1 b5 17. b4 cxb4 18. axb4 bxc4 19. dxc4 Ne5 20. c5 dxc5 21. bxc5 Qe7 22.
Qd6 Qxd6 23. cxd6 Nc4 24. Rd1 Ba8 25. Rxb8 Rxb8 26. f4 e5 27. fxe5 Bxe5 28. Bf4
Nf6 29. Bxe5 Nxe5 30. Nf4 Rd8 31. Nfd5 Bxd5 32. Nxd5 Ne8 33. Bf1 Rxd6 34. Ra1
Nf3+ 35. Kg2 Nd2 36. Rxa6 Rxa6 37. Bxa6 Nxe4 38. Kf3 Nc5 39. Be2 f5 40. Kf4 Nd6
41. Bxh5 gxh5 42. Ne7+ Kf7 43. Nxf5 Ne6+ 44. Ke5 Nc4+ 45. Ke4 Nd2+ 46. Kd5 Nf1
47. g4 Kf6 48. gxh5 Kxf5 49. h6 Ne3+ 50. Kd6 Nc4+ 51. Kd5 Ne3+ 52. Kd6 Kf6 53.
h7 Nf5+ 54. Kd5 Nf4+ 55. Ke4 Ng6 56. h5 Nh8 57. h6 Ke6 58. Kf4 Nd6 59. Ke3 Kd5
60. Kd3 Ne4 61. Ke3 Nc5 62. Kf3 Kd4 63. Kf4 Ne6+ 64. Kf5 Kd5 65. Kf6 Nf8 66.
Kg7 Nfg6 67. Kf6 Kd6 68. Kf5 Ke7 69. Ke4 Nf8 70. Ke5 Nxh7 71. Kd5 Nf7 72. Kc5
Ke6 73. Kc4 Kd6 74. Kd4 Nfg5 75. Kc4 Ne6 76. Kd3 Ke5 77. Kc4 Ke4 78. Kc3 Nf4
79. Kc4 Nd3 80. Kc3 Ne5 81. Kb3 Kd4 82. Kb4 Nc6+ 83. Kb3 Kd3 84. Kb2 Nd4 85.
Ka3 Kc4 86. Kb2 Kb4 87. Kc1 Kc3 88. Kd1 Nb3 89. Ke2 Kd4 90. Kf3 Nc1 91. Kf4
Ne2+ 92. Kf3 Kd3 93. Kf2 Nd4 94. Ke1 Kc2 95. Kf1 Kd1 96. Kf2 Kd2 97. Kf1 Nc2
98. Kf2 Ne1 99. Kg3 Ke3 100. Kg4 Ke4 101. Kg3 Nd3 102. Kg4 Nf2+ 103. Kg3 Ke3
104. Kg2 Ne4 105. Kf1 Kd2 106. Kg1 Ke1 107. Kg2 Ke2 108. Kg1 Nd2 109. Kg2 Nf1
110. Kh1 Kf3 111. Kg1 Ne3 112. Kh2 Kg4 113. Kg1 Kg3 114. Kh1 Kf2 115. Kh2 Ng4+
116. Kh3 Kf3 117. Kh4 Ngf6 118. Kh3 Ne4 119. Kh2 Kf2 120. Kh3 Nef6 1/2-1/2

[Event "Biel Master Tournament"]
[Site "Biel"]
[Date "2011.07.21"]
[Round "5"]
[White "Rodshtein, Maxim"]
[Black "Wirig, Anthony"]
[Result "1/2-1/2"]
[WhiteElo "2637"]
[BlackElo "2510"]
[PlyCount "35"]
[EventDate "2011.??.??"]
[EventCountry "SUI"]

1. d4 Nf6 2. c4 e6 3. Nf3 d5 4. Nc3 dxc4 5. e4 Bb4 6. Bg5 h6 7. Bxf6 Qxf6 8.
Bxc4 c5 9. O-O cxd4 10. e5 Qd8 11. Ne4 O-O 12. Qd3 Be7 13. a3 Qb6 14. Ng3 Rd8
15. Qe4 Qc6 16. Qe2 b5 17. Bxb5 Qb6 18. Qd3 1/2-1/2

[Event "Biel Master Tournament"]
[Site "Biel"]
[Date "2011.07.21"]
[Round "5"]
[White "Stevic, Hrvoje"]
[Black "Tischbierek, Raj"]
[Result "1/2-1/2"]
[WhiteElo "2619"]
[BlackElo "2436"]
[PlyCount "99"]
[EventDate "2011.??.??"]
[EventCountry "SUI"]

1. e4 c5 2. d3 Nc6 3. f4 g6 4. Nf3 Bg7 5. Be2 d6 6. O-O e6 7. c3 Nf6 8. Kh1 O-O
9. a4 b6 10. Na3 Bb7 11. Qe1 Qe7 12. Qh4 Nd7 13. Nb5 d5 14. Qxe7 Nxe7 15. e5 a6
16. Nd6 Bc6 17. d4 Nc8 18. Nxc8 Rfxc8 19. g4 f6 20. f5 fxe5 21. fxe6 Nf8 22. e7
Ne6 23. Nxe5 Bxe5 24. dxe5 Ra7 25. Bh6 a5 26. Rf6 Rxe7 27. Raf1 Bxa4 28. g5 Bc2
29. Bf3 Be4 30. Bxe4 dxe4 31. Re1 Rd8 32. Rxe4 b5 33. Re1 b4 34. Ra1 Ra8 35.
cxb4 cxb4 36. b3 Ree8 37. Rc1 Re7 38. Rc4 Rb8 39. Kg2 Ng7 40. Rc5 a4 41. bxa4
b3 42. Rf1 Ne6 43. Rc6 b2 44. Rb1 Kf7 45. a5 Rc7 46. Rxc7+ Nxc7 47. e6+ Kxe6
48. Bg7 Rb5 49. Bf6 Rxa5 50. Rxb2 1/2-1/2

[Event "Biel Master Tournament"]
[Site "Biel"]
[Date "2011.07.21"]
[Round "5"]
[White "Holzke, Frank"]
[Black "Brkic, Ante"]
[Result "1-0"]
[WhiteElo "2497"]
[BlackElo "2598"]
[PlyCount "80"]
[EventDate "2011.??.??"]
[EventCountry "SUI"]

1. c4 e6 2. Nc3 d5 3. d4 c6 4. e4 dxe4 5. Nxe4 Bb4+ 6. Bd2 Qxd4 7. Bxb4 Qxe4+
8. Be2 Na6 9. Ba5 b6 10. Bc3 f6 11. Nf3 Ne7 12. O-O e5 13. Nxe5 fxe5 14. Bh5+
g6 15. Re1 Qh4 16. Rxe5 gxh5 17. Qf3 Bg4 18. Qxc6+ Kf7 19. Qh6 Ng8 20. Rf5+
Bxf5 21. Qg7+ Ke8 22. Re1+ Be4 23. Qxh8 Nc5 24. Qxg8+ Kd7 25. Qf7+ Kd6 26. Rd1+
Nd3 27. Rxd3+ Bxd3 28. Bb4+ Kc6 29. Qd5+ Kc7 30. Bd6+ Kc8 31. Qxa8+ Kd7 32.
Qxa7+ Ke6 33. Qxb6 Qxc4 34. h3 h4 35. b3 Qe4 36. f3 Qe1+ 37. Kh2 Kd5 38. Qc5+
Ke6 39. Qb6 Kd5 40. Bf4 Qe7 1-0

[Event "Biel Master Tournament"]
[Site "Biel"]
[Date "2011.07.21"]
[Round "5"]
[White "Cherniaev, Alexander"]
[Black "Sokolov, Andrei"]
[Result "0-1"]
[WhiteElo "2440"]
[BlackElo "2579"]
[PlyCount "108"]
[EventDate "2011.??.??"]
[EventCountry "SUI"]
[WhiteTeam "Arkhangelsk"]
[BlackTeam "Belfort"]

1. e4 c5 2. Nf3 e6 3. c3 d5 4. e5 d4 5. g3 Nc6 6. Bg2 g5 7. h3 Bg7 8. Qe2 h6 9.
Na3 Nge7 10. O-O O-O 11. Re1 Rb8 12. Qc4 b6 13. cxd4 cxd4 14. Nb5 Bb7 15. b3
Ng6 16. Ba3 a6 17. Nd6 Ncxe5 18. Nxe5 Nxe5 19. Nxb7 Nxc4 20. Nxd8 Nxa3 21. Nc6
Rb7 22. Rac1 Rc7 23. Bf1 a5 24. Bd3 Bf6 25. b4 axb4 26. Nxb4 Rfc8 27. Rxc7 Rxc7
28. Kf1 Be7 29. Na6 Rc8 30. Ke2 Bd6 31. Ra1 b5 32. Be4 f5 33. Bb7 Rc4 34. Kd3
Kf7 35. Re1 Kf6 36. g4 Be5 37. gxf5 exf5 38. Bd5 Rc8 39. Nb4 Nc4 40. Nc6 Rc7
41. a4 Nb2+ 42. Kc2 Nxa4 43. Bg2 Bf4 44. Rb1 d3+ 45. Kd1 Nc5 46. Rxb5 Ne4 47.
Nb4 Rd7 48. Nd5+ Ke6 49. Bxe4 fxe4 50. Nc3 Ra7 51. Rb1 Kf5 52. Ke1 Be5 53. Nd1
Kf4 54. Ne3 Kf3 0-1

[Event "Biel Master Tournament"]
[Site "Biel"]
[Date "2011.07.21"]
[Round "5"]
[White "Haimovich, Tal"]
[Black "Maze, Sebastien"]
[Result "0-1"]
[WhiteElo "2419"]
[BlackElo "2578"]
[PlyCount "100"]
[EventDate "2011.??.??"]
[EventCountry "SUI"]

1. e4 c5 2. Nf3 d6 3. d4 cxd4 4. Nxd4 Nf6 5. Nc3 a6 6. Be2 e5 7. Nb3 Be7 8. O-O
O-O 9. Kh1 Nc6 10. Be3 a5 11. Qd2 a4 12. Nc1 Be6 13. Rd1 Qa5 14. a3 Rfd8 15.
Bf3 Qc7 16. N1a2 Na5 17. Nb4 Nc4 18. Qc1 Rdc8 19. Rd3 Qd8 20. Rb1 Nxe3 21. Qxe3
Nd7 22. Ncd5 Bg5 23. Qe2 g6 24. Bg4 Nc5 25. Rc3 Kg7 26. Rd1 h5 27. Bf3 Ra5 28.
g3 Nd7 29. Rxc8 Qxc8 30. h4 Bd8 31. Kg2 Bb6 32. Qd2 Bd8 33. Ne3 Bc7 34. Nbd5
Bd8 35. Nc3 Be7 36. Ncd5 Bd8 37. Nb4 Bc7 38. Nf5+ Bxf5 39. exf5 Nf6 40. fxg6 e4
41. Be2 fxg6 42. Qd4 Rf5 43. Bc4 d5 44. Bxd5 Be5 45. Qb6 e3 46. fxe3 Nxd5 47.
Rxd5 Qc4 48. Qxb7+ Kh6 49. Nd3 Qe4+ 50. Kh2 Qxh4+ 0-1

[Event "Biel Master Tournament"]
[Site "Biel"]
[Date "2011.07.21"]
[Round "5"]
[White "Tseitlin, Mark"]
[Black "Megaranto, Susanto"]
[Result "1/2-1/2"]
[WhiteElo "2407"]
[BlackElo "2544"]
[PlyCount "119"]
[EventDate "2011.??.??"]
[EventCountry "SUI"]

1. e4 c6 2. d4 d5 3. e5 c5 4. dxc5 e6 5. a3 Nc6 6. Nf3 Bxc5 7. b4 Bb6 8. Bb2
Nge7 9. Bd3 Bd7 10. O-O Ng6 11. g3 Nce7 12. Nbd2 h5 13. h4 Nf5 14. Kh2 Nh6 15.
c4 Ng4+ 16. Kg1 Qe7 17. Qe2 a5 18. c5 Bc7 19. Nb3 O-O 20. Bd4 Qe8 21. b5 a4 22.
Nbd2 f6 23. c6 bxc6 24. bxc6 Bc8 25. exf6 gxf6 26. Bc5 e5 27. Bxf8 Kxf8 28.
Bxg6 Qxg6 29. Qb5 Ra5 30. Qb4+ Kf7 31. Rab1 e4 32. Qc3 exf3 33. Rb7 Bxb7 34.
cxb7 Bb8 35. Qc8 Qg8 36. Rc1 Qe8 37. Qxe8+ Kxe8 38. Rc8+ Kd7 39. Rxb8 Kc7 40.
Rh8 Kxb7 41. Rxh5 Rc5 42. Nxf3 Rc4 43. Kg2 Rc2 44. Nd4 Rxf2+ 45. Kh3 Ne3 46.
Rh7+ Kb6 47. Re7 Kc5 48. Rxe3 Kxd4 49. Re1 Kc3 50. h5 Rb2 51. h6 Rb8 52. Rf1 d4
53. Rxf6 d3 54. Rd6 d2 55. Rc6+ Kb3 56. Rd6 Kc2 57. Rc6+ Kb3 58. Rd6 Rh8 59.
Rxd2 Rxh6+ 60. Kg4 1/2-1/2

[Event "Biel Master Tournament"]
[Site "Biel"]
[Date "2011.07.21"]
[Round "5"]
[White "Shankland, Samuel"]
[Black "Barus, Cerdas"]
[Result "1/2-1/2"]
[WhiteElo "2539"]
[BlackElo "2420"]
[PlyCount "68"]
[EventDate "2011.??.??"]
[EventCountry "SUI"]

1. d4 Nf6 2. c4 e6 3. Nc3 Bb4 4. Bg5 h6 5. Bh4 b6 6. f3 c5 7. d5 Bxc3+ 8. bxc3
d6 9. e4 e5 10. Bd3 Nbd7 11. Ne2 Nf8 12. Bf2 Ng6 13. Qd2 Bd7 14. a4 O-O 15. g4
a6 16. h4 Ne8 17. Kf1 Nc7 18. Kg2 Qe7 19. h5 Nh8 20. Rhb1 Rfb8 21. Rb3 Rb7 22.
Qb2 Rab8 23. Ng3 f6 24. Nf5 Bxf5 25. gxf5 Nf7 26. Kg3 Kf8 27. a5 Na8 28. Rb1
Nd8 29. Qa2 Qc7 30. axb6 Rxb6 31. Bc2 Rxb3 32. Rxb3 Rxb3 33. Bxb3 Qb6 34. Be3
Ke7 1/2-1/2